| 000 | 00586nam a22001937a 4500 | ||
|---|---|---|---|
| 003 | OSt | ||
| 005 | 20240723064418.0 | ||
| 008 | 240723b |||||||| |||| 00| 0 eng d | ||
| 020 | _a978-981-48-4603-5 | ||
| 040 |
_aDWC- Main Lib _cOC |
||
| 082 | _aCirc. 150.287 K14p 2019 | ||
| 245 | _aPsychological testing principles, applications and issues. | ||
| 260 |
_aSingapore : _bCengage Learning, _cc2019. |
||
| 300 |
_axv , 700 pages : _billustrations ; _c23cm. |
||
| 504 | _aIncludes index. | ||
| 650 | _a1. Psychological test | ||
| 650 | _a2. Psychometrics | ||
| 942 |
_2ddc _cBK-CIRC _n1 |
||
| 999 |
_c2606 _d2606 |
||